[Event "TUR-ch Seniors 50"]
[Site "Ankara"]
[Date "2023.05.20"]
[Round "2"]
[White "Keles, Cengiz Ozdemir"]
[Black "Ercan, Mehmet Fahri"]
[Result "0-1"]
[WhiteElo "2007"]
[BlackElo "1623"]
[PlyCount "95"]
[EventDate "2023.05.19"]
[EventType "swiss"]
[EventRounds "9"]
[EventCountry "TUR"]
[SourceTitle "CBM 214 Extra"]
[Source "ChessBase"]
[SourceDate "2023.07.31"]
[SourceVersion "1"]
[SourceVersionDate "2023.07.31"]
[SourceQuality "1"]

1. e4 e5 2. Nf3 Nc6 3. Bb5 a6 4. Ba4 Nf6 5. 0-0 Be7 6. Bxc6 dxc6 7. Qe1 Bd6 8. d4 Nd7 9. c3 0-0 10. Bg5 f6 11. Bh4 Qe8 12. Nbd2 Qh5 13. Bg3 exd4 14. cxd4 Bxg3 15. hxg3 Re8 16. Rc1 Nb6 17. Qe3 Be6 18. Rc5 Qg4 19. b3 Rad8 20. Rfc1 Bd5 21. Re1 Re7 22. Nh4 Rde8 23. f3 Qd7 24. g4 g6 25. Rd1 Qd6 26. Qh6 Bf7 27. Nf1 Nd7 28. Rcc1 Nf8 29. Ne3 Be6 30. Kf2 Qb4 31. g3 Rd7 32. d5 cxd5 33. exd5 Bf7 34. Nhf5 gxf5 35. Nxf5 Bg6 36. Ne3 Qe7 37. Rd2 c6 38. Rcd1 Red8 39. Qf4 Ne6 40. Qc4 Kg7 41. f4 Nc7 42. g5 cxd5 43. Qd4 Ne6 44. Qb6 Rd6 45. Qxb7 R8d7 46. Qb4 d4 47. Nc4 Nxf4 48. gxf4 0-1

[Event "Ankara Baskent Univ op-B 5th"]
[Site "Ankara"]
[Date "2022.07.06"]
[Round "7"]
[White "Ercan, Mehmet Fahri"]
[Black "Kocakaplan, Emre"]
[Result "1-0"]
[WhiteElo "1736"]
[BlackElo "1805"]
[PlyCount "113"]
[EventDate "2022.07.02"]
[EventType "swiss"]
[EventRounds "9"]
[EventCountry "TUR"]
[SourceTitle "EXT 2023"]
[Source "ChessBase"]
[SourceDate "2022.10.05"]
[SourceVersion "1"]
[SourceVersionDate "2022.10.05"]
[SourceQuality "1"]

1. e4 c5 2. Nf3 Nc6 3. d4 cxd4 4. Nxd4 Nf6 5. Nc3 e5 6. Ndb5 d6 7. Bg5 a6 8. Na3 b5 9. Bxf6 gxf6 10. Nd5 Bg7 11. Bd3 Ne7 12. Nxe7 Qxe7 13. 0-0 f5 14. c3 0-0 15. Nc2 Rb8 16. Qh5 fxe4 17. Bxe4 f5 18. Bd5+ Be6 19. Nb4 Bxd5 20. Nxd5 Qf7 21. Qd1 a5 22. Qb3 Rb7 23. Rad1 f4 24. f3 Rc8 25. Rd3 Rc5 26. Rfd1 h5 27. R1d2 Kh8 28. Qd1 Bf8 29. Qe1 Qf5 30. Qh4 b4 31. Qf6+ Qxf6 32. Nxf6 bxc3 33. bxc3 Rb1+ 34. Kf2 Be7 35. Ne4 Rc6 36. Rd5 Rh1 37. h3 Rb6 38. Rxa5 Bh4+ 39. Ke2 Re1+ 40. Kd3 Re3+ 41. Kc4 Be1 42. Rc2 Kg7 43. Ra7+ Kg6 44. a4 Kf5 45. a5 Rc6+ 46. Kd5 Rcxc3 47. Nxc3 Bxc3 48. Kxd6 Rd3+ 49. Kc6 Bd4 50. Rb7 Ra3 51. Rb5 Bc3 52. Kb6 Ke6 53. a6 Kd6 54. Rxc3 Rxc3 55. a7 Rc8 56. Kb7 Rc7+ 57. Kb8 1-0

[Event "TUR Cup"]
[Site "Adapazari"]
[Date "2022.03.26"]
[Round "2"]
[White "Yaran, Siar"]
[Black "Ercan, Mehmet Fahri"]
[Result "1-0"]
[WhiteElo "2272"]
[BlackElo "1784"]
[PlyCount "77"]
[EventDate "2022.03.25"]
[EventType "swiss"]
[EventRounds "11"]
[EventCountry "TUR"]
[SourceTitle "EXT 2023"]
[Source "ChessBase"]
[SourceDate "2022.10.05"]
[SourceVersion "1"]
[SourceVersionDate "2022.10.05"]
[SourceQuality "1"]

1. c4 e6 2. Nc3 Nf6 3. e4 d5 4. e5 d4 5. exf6 dxc3 6. bxc3 Qxf6 7. d4 c5 8. Nf3 h6 9. Bd3 cxd4 10. cxd4 Bb4+ 11. Bd2 Bxd2+ 12. Qxd2 Nc6 13. Be4 0-0 14. 0-0 Rd8 15. Bxc6 bxc6 16. Qe3 Bb7 17. Rab1 Rd7 18. Ne5 Rc7 19. c5 Qf5 20. Nc4 Qd5 21. Nd6 Bc8 22. Rb2 Rd7 23. Re1 Ba6 24. h3 Rad8 25. Rd2 Bc8 26. Qf4 f6 27. Qe4 Qxe4 28. Rxe4 Re7 29. f4 g6 30. Rde2 Bd7 31. Rb2 Be8 32. f5 gxf5 33. Nxf5 Rh7 34. Rxe6 Bd7 35. Rd6 Re8 36. Rf2 Re6 37. Nxh6+ Kf8 38. Rxf6+ Ke7 39. Ng8+ 1-0

[Event "Ankara Ipek Memorial 8th"]
[Site "Ankara"]
[Date "2020.03.04"]
[Round "1"]
[White "Babagil, Emre"]
[Black "Ercan, Mehmet Fahri"]
[Result "0-1"]
[WhiteElo "1316"]
[BlackElo "1810"]
[PlyCount "88"]
[EventDate "2020.03.04"]
[EventType "swiss"]
[EventRounds "7"]
[EventCountry "TUR"]
[SourceTitle "CBM 195 Extra"]
[Source "ChessBase"]
[SourceDate "2020.05.31"]
[SourceVersion "1"]
[SourceVersionDate "2020.05.31"]
[SourceQuality "1"]

1. e4 c5 2. Nf3 d6 3. d4 cxd4 4. Nxd4 Nf6 5. f3 a6 6. c4 Nc6 7. Nc3 g6 8. Be3 Bg7 9. Be2 0-0 10. 0-0 h5 11. Qd2 Be6 12. Nxe6 fxe6 13. Bh6 Ne5 14. Bxg7 Kxg7 15. f4 Qb6+ 16. Kh1 Neg4 17. Bxg4 Nxg4 18. Rae1 Rac8 19. f5 Rxc4 20. h3 Ne5 21. Qg5 Rf6 22. fxe6 Rxc3 23. bxc3 Rxe6 24. Qe3 Qxe3 25. Rxe3 Nc4 26. Ree1 Nd2 27. Rg1 Nxe4 28. Rb1 b5 29. Rbc1 d5 30. Rgd1 Nf2+ 31. Kg1 Nxd1 32. Rxd1 Re5 33. Kf2 Kf6 34. Kf3 Ke6 35. g4 h4 36. Rd4 Re1 37. Kf4 Re4+ 38. Kg5 Rxd4 39. cxd4 Kf7 40. Kxh4 b4 41. Kg3 a5 42. Kf2 a4 43. Ke2 b3 44. axb3 a3 0-1

[Event "TUR-chT Clubs"]
[Site "Konya"]
[Date "2019.07.20"]
[Round "8.7"]
[White "Mutlu, Bunyamin"]
[Black "Ercan, Mehmet Fahri"]
[Result "0-1"]
[WhiteElo "1511"]
[BlackElo "1883"]
[PlyCount "52"]
[EventDate "2019.07.16"]
[EventType "team-swiss"]
[EventRounds "9"]
[EventCountry "TUR"]
[SourceTitle "CBM 191 Extra"]
[Source "ChessBase"]
[SourceDate "2019.09.30"]
[SourceVersion "1"]
[SourceVersionDate "2019.09.30"]
[SourceQuality "1"]
[WhiteTeam "Trabzon Feda"]
[BlackTeam "Afyonkarahisar Basari"]
[WhiteTeamCountry "TUR"]
[BlackTeamCountry "TUR"]

1. e4 g6 2. d4 d6 3. c4 Nf6 4. Nc3 Bg7 5. Bd3 Nc6 6. Nge2 e5 7. d5 Ne7 8. f3 0-0 9. Be3 Ne8 10. g4 f5 11. gxf5 gxf5 12. f4 fxe4 13. Nxe4 Nf5 14. Qd2 Nxe3 15. Qxe3 exf4 16. Qd2 Qh4+ 17. Kd1 Nf6 18. Kc2 Nxe4 19. Bxe4 Bf5 20. Bxf5 Rxf5 21. Nd4 Rf7 22. Raf1 f3 23. Rhg1 Kh8 24. Kc3 Be5 25. Qf2 Rf4 26. Qxh4 Bxd4+ 0-1

[Event "TUR-chT2"]
[Site "Konya"]
[Date "2014.06.24"]
[Round "2.5"]
[White "Ercan, Mehmet Fahri"]
[Black "Enchev, Ivajlo"]
[Result "0-1"]
[WhiteElo "2013"]
[BlackElo "2421"]
[PlyCount "56"]
[EventDate "2014.06.23"]
[EventType "team-swiss"]
[EventRounds "9"]
[EventCountry "TUR"]
[SourceTitle "CBM 161 Extra"]
[Source "ChessBase"]
[SourceDate "2014.08.29"]
[SourceVersion "1"]
[SourceVersionDate "2014.08.29"]
[SourceQuality "1"]
[WhiteTeam "Ego Spor"]
[BlackTeam "Karaman Saglik"]
[WhiteTeamCountry "TUR"]
[BlackTeamCountry "TUR"]

1. d4 Nf6 2. c4 e6 3. a3 d5 4. Nc3 c6 5. e3 Nbd7 6. Nf3 Bd6 7. cxd5 exd5 8. Bd3 0-0 9. 0-0 a5 10. Rb1 Re8 11. b4 axb4 12. axb4 b5 13. Re1 Ne4 14. Qc2 Ndf6 15. h3 Qe7 16. Qb3 Bf5 17. Rd1 Qe6 18. Bxe4 Nxe4 19. Nxe4 Qxe4 20. Nd2 Qh4 21. Rb2 Bxh3 22. gxh3 Qxh3 23. Nf1 Re6 24. Ng3 Rg6 25. Rdd2 Bxg3 26. fxg3 Qxg3+ 27. Kf1 Qg1+ 28. Ke2 Qxc1 0-1

[Event "TUR-chT2"]
[Site "Konya"]
[Date "2014.06.23"]
[Round "1.8"]
[White "Nagy, Gabor"]
[Black "Ercan, Mehmet Fahri"]
[Result "1-0"]
[WhiteElo "2428"]
[BlackElo "2013"]
[PlyCount "81"]
[EventDate "2014.06.23"]
[EventType "team-swiss"]
[EventRounds "9"]
[EventCountry "TUR"]
[SourceTitle "CBM 161 Extra"]
[Source "ChessBase"]
[SourceDate "2014.08.29"]
[SourceVersion "1"]
[SourceVersionDate "2014.08.29"]
[SourceQuality "1"]
[WhiteTeam "Samandag Altin"]
[BlackTeam "Ego Spor"]
[WhiteTeamCountry "TUR"]
[BlackTeamCountry "TUR"]

1. Nf3 Nf6 2. c4 e6 3. d4 d5 4. Nc3 Be7 5. Bf4 0-0 6. e3 c6 7. Qc2 Nbd7 8. h3 Nb6 9. c5 Nbd7 10. Bd3 Re8 11. 0-0 g6 12. Bh2 Nh5 13. b4 a6 14. a4 f6 15. e4 f5 16. exf5 exf5 17. Rae1 Ndf6 18. Qb3 Bd7 19. Ne5 Kg7 20. Re2 Ne4 21. Bxe4 fxe4 22. Nxe4 dxe4 23. Qf7+ Kh6 24. g4 Rf8 25. gxh5 Bxh3 26. Rxe4 Bg5 27. Qb3 Bxf1 28. Ng4+ Kxh5 29. Kxf1 Bh4 30. Qd1 Qg5 31. Re5 Rf5 32. Ne3+ Kh6 33. Nxf5+ gxf5 34. Re6+ Kg7 35. d5 Kf7 36. Re5 Rg8 37. Bg3 Bxg3 38. fxg3 Qxg3 39. Qh5+ Rg6 40. Qxh7+ Rg7 41. Qxf5+ 1-0

[Event "TUR-ch"]
[Site "Kemer"]
[Date "2012.01.31"]
[Round "5"]
[White "Ceylan, Metin"]
[Black "Ercan, Mehmet Fahri"]
[Result "0-1"]
[WhiteElo "1910"]
[BlackElo "2022"]
[PlyCount "52"]
[EventDate "2012.01.29"]
[EventType "swiss"]
[EventRounds "10"]
[EventCountry "TUR"]
[SourceTitle "CBM 146 Extra"]
[Source "ChessBase"]
[SourceDate "2012.02.29"]
[SourceVersion "1"]
[SourceVersionDate "2012.02.29"]
[SourceQuality "1"]

1. e4 c5 2. Nf3 Nc6 3. d4 cxd4 4. Nxd4 e6 5. Nc3 a6 6. Bc4 Nge7 7. 0-0 Nxd4 8. Qxd4 Nc6 9. Qe3 b5 10. Bd3 d6 11. a3 Ra7 12. f4 Be7 13. Qg3 0-0 14. Be3 Rd7 15. e5 h6 16. Ne4 Bh4 17. Qg4 dxe5 18. f5 exf5 19. Rxf5 Rxd3 20. cxd3 g6 21. Raf1 h5 22. Qxg6+ fxg6 23. Rxf8+ Qxf8 24. Rxf8+ Kxf8 25. g3 Be7 26. Kf2 Nd4 0-1

[Event "Gibraltar Masters 7th"]
[Site "Gibraltar"]
[Date "2009.02.05"]
[Round "10"]
[White "Ercan, Mehmet Fahri"]
[Black "Cafolla, Peter"]
[Result "1/2-1/2"]
[WhiteElo "2091"]
[BlackElo "2013"]
[PlyCount "93"]
[EventDate "2009.01.27"]
[EventType "swiss"]
[EventRounds "10"]
[EventCountry "ENG"]
[SourceTitle "CBM 128 Extra"]
[Source "ChessBase"]
[SourceDate "2009.03.05"]
[SourceVersion "2"]
[SourceVersionDate "2009.03.25"]
[SourceQuality "1"]

1. e4 e5 2. Nf3 Nc6 3. Bb5 a6 4. Ba4 Nf6 5. 0-0 Be7 6. Re1 b5 7. Bb3 d6 8. c3 0-0 9. d3 Na5 10. Bc2 c5 11. Nbd2 Re8 12. Nf1 g6 13. h3 Bf8 14. Bg5 h6 15. Be3 Kh7 16. N3h2 Nc6 17. f4 Qc7 18. Nf3 a5 19. Kh2 Bg7 20. g3 Bd7 21. a3 b4 22. Bd2 Reb8 23. Ne3 Be6 24. f5 b3 25. fxe6 bxc2 26. Qxc2 fxe6 27. Rad1 a4 28. Bc1 Nd7 29. Rf1 Na5 30. d4 exd4 31. cxd4 Nb3 32. e5 dxe5 33. dxe5 Nxe5 34. Nxe5 Bxe5 35. Nc4 Bg7 36. Rf2 Nd4 37. Qe4 Qb7 38. Qd3 Rf8 39. Rdf1 Qb3 40. Qxb3 Nxb3 41. Rxf8 Rxf8 42. Rxf8 Bxf8 43. Bf4 Bg7 44. Kg2 Bd4 45. Kf3 g5 46. Bd6 Bg7 47. Ke4 1/2-1/2

[Event "Gibraltar Masters 7th"]
[Site "Gibraltar"]
[Date "2009.01.30"]
[Round "4"]
[White "Ercan, Mehmet Fahri"]
[Black "Gonzalez Amaya, Milan"]
[Result "1-0"]
[WhiteElo "2091"]
[BlackElo "1831"]
[PlyCount "53"]
[EventDate "2009.01.27"]
[EventType "swiss"]
[EventRounds "10"]
[EventCountry "ENG"]
[SourceTitle "CBM 128 Extra"]
[Source "ChessBase"]
[SourceDate "2009.03.05"]
[SourceVersion "2"]
[SourceVersionDate "2009.03.25"]
[SourceQuality "1"]

1. e4 e5 2. Nf3 Nf6 3. Nc3 Qe7 4. Bc4 h6 5. 0-0 c6 6. Re1 d6 7. d4 Nbd7 8. h3 g5 9. Nh2 Bg7 10. d5 Nf8 11. Be3 Ng6 12. f3 Nh5 13. Qd2 Nh4 14. Rad1 c5 15. Bb5+ Kf8 16. Bf1 Ng6 17. Qf2 Ngf4 18. Nb5 a6 19. Nxd6 b6 20. Nxc8 Rxc8 21. Bxa6 Rd8 22. a4 Nf6 23. a5 Qa7 24. Bf1 Qxa5 25. Ra1 Qb4 26. c3 Nxe4 27. Qc2 1-0

[Event "TUR-ch"]
[Site "Kusadasi"]
[Date "2004.03.06"]
[Round "10"]
[White "Ercan, Mehmet Fahri"]
[Black "Tofan, Ibrahim"]
[Result "0-1"]
[WhiteElo "2075"]
[BlackElo "2202"]
[PlyCount "72"]
[EventDate "2004.02.28"]
[EventType "swiss"]
[EventRounds "12"]
[EventCountry "TUR"]
[SourceTitle "CBM 099 Extra"]
[Source "ChessBase"]
[SourceDate "2004.05.04"]
[SourceVersion "1"]
[SourceVersionDate "2004.05.04"]
[SourceQuality "1"]

1. d4 e6 2. c4 Nf6 3. Nc3 Bb4 4. Qc2 0-0 5. Nf3 b6 6. g3 Bb7 7. Bg2 Be4 8. Qd2 d5 9. a3 Bxc3 10. Qxc3 Nbd7 11. b4 c5 12. bxc5 bxc5 13. dxc5 Nxc5 14. cxd5 Qxd5 15. Be3 Rac8 16. Qb4 a5 17. Qb2 Bxf3 18. Rd1 Qxd1+ 19. Kxd1 Bxg2 20. Rg1 Na4 21. Qa1 Be4 22. f3 Nd5 23. Bd4 Ndc3+ 24. Ke1 Bd5 25. Kf2 Rc4 26. Be5 Rfc8 27. g4 f6 28. Bxc3 Rxc3 29. g5 f5 30. h4 Rc2 31. Qe5 Nb2 32. Kg3 Nc4 33. Qf4 Rxe2 34. Rb1 e5 35. Qxf5 Rf8 36. Qd3 Rxf3+ 0-1

[Event "TUR-ch"]
[Site "Kusadasi"]
[Date "2004.03.04"]
[Round "8"]
[White "Ercan, Mehmet Fahri"]
[Black "Olcayoz, Alper"]
[Result "0-1"]
[WhiteElo "2075"]
[BlackElo "2290"]
[PlyCount "108"]
[EventDate "2004.02.28"]
[EventType "swiss"]
[EventRounds "12"]
[EventCountry "TUR"]
[SourceTitle "CBM 099 Extra"]
[Source "ChessBase"]
[SourceDate "2004.05.04"]
[SourceVersion "1"]
[SourceVersionDate "2004.05.04"]
[SourceQuality "1"]

1. d4 Nf6 2. c4 e6 3. Nc3 Bb4 4. Qc2 c5 5. e3 0-0 6. Bd3 d5 7. a3 cxd4 8. axb4 dxc3 9. bxc3 Nc6 10. Nf3 Re8 11. b5 dxc4 12. Bxc4 Na5 13. Be2 b6 14. c4 Bb7 15. Bb2 Rc8 16. 0-0 Nd7 17. Rfd1 Qe7 18. Rd4 e5 19. Rxd7 Qxd7 20. Nxe5 Qxb5 21. Qc3 Qxe5 22. Qxe5 Rxe5 23. Bxe5 Ba6 24. Bg4 Rxc4 25. Rd1 Kf8 26. Rd8+ Ke7 27. Rd7+ Ke8 28. Rd4 Rc1+ 29. Rd1 Rxd1+ 30. Bxd1 f6 31. Bf4 Bc4 32. Bc2 h6 33. Bb8 Nc6 34. Bd6 Kf7 35. Be4 Ne5 36. h4 h5 37. f3 b5 38. Bc7 Ke6 39. Kf2 Bd5 40. Bb1 f5 41. Ba5 g6 42. e4 fxe4 43. fxe4 Bc4 44. Ke3 Nc6 45. Bc3 b4 46. Bb2 a5 47. Bc2 b3 48. Bb1 a4 49. g3 Bb5 50. Kd2 Ne7 51. Kc3 Nc8 52. Kb4 Be8 53. Bd3 Nd6 54. Ba3 Nc8 0-1

[Event "TUR-ch"]
[Site "Kusadasi"]
[Date "2004.03.02"]
[Round "6"]
[White "Ercan, Mehmet Fahri"]
[Black "Polatel, Ali"]
[Result "0-1"]
[WhiteElo "2075"]
[BlackElo "2163"]
[PlyCount "130"]
[EventDate "2004.02.28"]
[EventType "swiss"]
[EventRounds "12"]
[EventCountry "TUR"]
[SourceTitle "CBM 099 Extra"]
[Source "ChessBase"]
[SourceDate "2004.05.04"]
[SourceVersion "1"]
[SourceVersionDate "2004.05.04"]
[SourceQuality "1"]

1. d4 g6 2. e4 Bg7 3. Nf3 d6 4. h3 Nf6 5. Bd3 0-0 6. 0-0 Nc6 7. Re1 e5 8. c3 Bd7 9. Nbd2 Nh5 10. Nb3 h6 11. Bc4 Qe7 12. Be3 Kh7 13. Nbd2 Nd8 14. d5 Qf6 15. Nh2 Nf4 16. Bf1 g5 17. c4 b6 18. b4 Rg8 19. c5 Bf8 20. Rc1 bxc5 21. bxc5 dxc5 22. Bxc5 Bd6 23. Bxd6 cxd6 24. Rc7 Bc8 25. Qc2 g4 26. Rxc8 Rxc8 27. Qxc8 gxh3 28. g3 Nde6 29. Qxg8+ Kxg8 30. dxe6 Nxe6 31. Bxh3 Nd4 32. Nb3 Nb5 33. Re3 Qe7 34. a4 Nd4 35. Nxd4 exd4 36. Re1 d5 37. e5 Qb4 38. Rd1 Qxa4 39. Bg4 Kg7 40. Be2 Qc2 41. Kf1 a5 42. Nf3 a4 43. Nxd4 Qe4 44. Nf3 a3 45. Ra1 a2 46. Rxa2 Qb1+ 47. Ne1 Qxa2 48. Nd3 Qd2 49. f4 Qe3 50. g4 Kf8 51. f5 Ke7 52. f6+ Kd7 53. Ke1 Kc6 54. Kf1 Kb5 55. Ke1 Ka5 56. Kf1 Kb5 57. e6 Qh3+ 58. Ke1 Qh4+ 59. Kd1 Qxf6 60. Ne5+ Kb4 61. exf7 Kc3 62. Ke1 Kd4 63. Nf3+ Ke3 64. Bd1 Qxf7 65. Be2 Qxf3 0-1

[Event "TUR-ch"]
[Site "Kusadasi"]
[Date "2004.03.01"]
[Round "4"]
[White "Ercan, Mehmet Fahri"]
[Black "Duman, Aydin"]
[Result "1-0"]
[WhiteElo "2075"]
[BlackElo "2245"]
[PlyCount "89"]
[EventDate "2004.02.28"]
[EventType "swiss"]
[EventRounds "12"]
[EventCountry "TUR"]
[SourceTitle "CBM 099 Extra"]
[Source "ChessBase"]
[SourceDate "2004.05.04"]
[SourceVersion "1"]
[SourceVersionDate "2004.05.04"]
[SourceQuality "1"]

1. d4 Nf6 2. c4 g6 3. Nc3 Bg7 4. e4 d6 5. Nf3 0-0 6. Be2 Na6 7. 0-0 e5 8. Be3 Ng4 9. Bg5 Qe8 10. d5 f6 11. Bc1 f5 12. Ne1 Nf6 13. f3 f4 14. Nd3 g5 15. Rb1 Qg6 16. Nf2 h5 17. h3 g4 18. fxg4 hxg4 19. Bxg4 Bxg4 20. Nxg4 Nxg4 21. Qxg4 Qxg4 22. hxg4 Rf6 23. Kf2 Rh6 24. Kf3 Kf7 25. Bd2 Rah8 26. Nd1 Bf6 27. Nf2 Bh4 28. Nh3 Rg6 29. Be1 Be7 30. Rh1 Nc5 31. Bf2 Rgh6 32. Bxc5 dxc5 33. Nf2 Kg6 34. Rxh6+ Rxh6 35. Rh1 Rxh1 36. Nxh1 Kg5 37. Nf2 b6 38. a3 a5 39. Nd1 Kh4 40. Nc3 Bf8 41. Nb5 Bd6 42. Na7 Be7 43. Nc6 Bf6 44. a4 Bg7 45. b3 1-0

[Event "Benidorm Bali op-A"]
[Site "Benidorm"]
[Date "2003.11.21"]
[Round "1"]
[White "Buxade Roca, Guillermo"]
[Black "Ercan, Mehmet Fahri"]
[Result "1-0"]
[WhiteElo "2202"]
[BlackElo "2075"]
[PlyCount "77"]
[EventDate "2003.11.21"]
[EventType "swiss"]
[EventRounds "9"]
[EventCountry "ESP"]
[SourceTitle "CBM 097 Extra"]
[Source "ChessBase"]
[SourceDate "2004.01.13"]
[SourceVersion "1"]
[SourceVersionDate "2004.01.13"]
[SourceQuality "1"]

1. e4 c5 2. Nc3 Nc6 3. g3 g6 4. Bg2 Bg7 5. Nge2 d6 6. 0-0 Nf6 7. d3 0-0 8. h3 Bd7 9. Be3 a6 10. Qd2 Re8 11. Rae1 b5 12. f4 b4 13. Nd1 Rc8 14. f5 Ne5 15. g4 Bc6 16. Ng3 a5 17. g5 Nfd7 18. c3 Bb7 19. Nf2 Ba6 20. h4 Rb8 21. h5 a4 22. c4 Qc7 23. Qe2 b3 24. a3 Rbd8 25. Nh3 Nc6 26. Nf4 Nd4 27. Bxd4 Bxd4+ 28. Kh1 Ne5 29. Nd5 Qa7 30. hxg6 hxg6 31. f6 Kh7 32. Bf3 Nxf3 33. Qxf3 exf6 34. gxf6 Bc8 35. Nf5 Bxf5 36. exf5 Rh8 37. Kg2 Qb7 38. Rh1+ Kg8 39. Ne7+ 1-0

[Event "Philadelphia National op 33rd"]
[Site "Philadelphia"]
[Date "2002.12.01"]
[Round "5"]
[White "Ercan, Mehmet Fahri"]
[Black "Samuelson, Andrew"]
[Result "0-1"]
[WhiteElo "2151"]
[BlackElo "2171"]
[PlyCount "50"]
[EventDate "2002.11.29"]
[EventType "swiss"]
[EventRounds "6"]
[EventCountry "USA"]
[SourceTitle "CBM 091 Extra"]
[Source "ChessBase"]
[SourceDate "2003.01.09"]
[SourceVersion "1"]
[SourceVersionDate "2003.01.09"]
[SourceQuality "1"]

1. e4 c5 2. Nf3 d6 3. d4 cxd4 4. Nxd4 Nf6 5. Nc3 a6 6. Bg5 e6 7. f4 Nc6 8. Nxc6 bxc6 9. e5 h6 10. Bh4 g5 11. fxg5 Nd5 12. Ne4 Qb6 13. Bd3 Qxb2 14. exd6 hxg5 15. Bxg5 Bg7 16. d7+ Bxd7 17. Nd6+ Kf8 18. 0-0 Qd4+ 19. Kh1 Rxh2+ 20. Kxh2 Qe5+ 21. Kh1 Qxg5 22. Rxf7+ Kg8 23. Rxd7 Qh4+ 24. Kg1 Bd4+ 25. Kf1 Qf2# 0-1